000 00289nam a2200109Ia 4500
008 190912s9999||||xx |||||||||||||| ||und||
100 _aIshtiaq Husain
245 4 _aThe Muslim Community of The Indo-Pakistan Subcontinent
260 _akarachi
_bAddision
_c1999
300 _a388
942 _cBK
999 _c7470
_d7470